Veḷutta katr̲īna, (Record no. 78154)

MARC details
000 -LEADER
fixed length control field 00705cam a22002291 4500
001 - CONTROL NUMBER
control field sa 68001692
003 - CONTROL NUMBER IDENTIFIER
control field DLC
005 - DATE AND TIME OF LATEST TRANSACTION
control field 20260227112436.0
008 - FIXED-LENGTH DATA ELEMENTS--GENERAL INFORMATION
fixed length control field 850406s1967 ii 000 1 malx
010 ## - LIBRARY OF CONGRESS CONTROL NUMBER
LC control number sa 68001692
020 ## - INTERNATIONAL STANDARD BOOK NUMBER
Terms of availability Rs4.00
025 ## - OVERSEAS ACQUISITION NUMBER
Overseas acquisition number PL480:I-Mal-1143
035 ## - SYSTEM CONTROL NUMBER
System control number (OCoLC)13886520
040 ## - CATALOGING SOURCE
Original cataloging agency DLC
Transcribing agency NN
Modifying agency DLC
042 ## - AUTHENTICATION CODE
Authentication code premarc
050 00 - LIBRARY OF CONGRESS CALL NUMBER
Classification number PL4718.9.V28
Item number V4
100 1# - MAIN ENTRY--PERSONAL NAME
Personal name Varkey, Muttathu,
Dates associated with a name 1915-
245 10 - TITLE STATEMENT
Title Veḷutta katr̲īna,
Remainder of title nōval.
Statement of responsibility, etc. [Granthakarttā] Muṭṭattu Varkki.
260 ## - PUBLICATION, DISTRIBUTION, ETC.
Place of publication, distribution, etc. Kōṭṭayaṃ,
Name of publisher, distributor, etc. Sāhityʼapr̲avarttaka Sahakaraṇasaṃghaṃ;
-- [Sales Dept.] Nāṣanal Bukkȧst̲t̲āḷ
Date of publication, distribution, etc. [1967]
300 ## - PHYSICAL DESCRIPTION
Extent 276 p.
Dimensions 19 cm.
500 ## - GENERAL NOTE
General note In Malayalam.

No items available.

Powered by Koha